| 000 | 00386nam a22001217a 4500 | ||
|---|---|---|---|
| 020 | _a981-02-1310-7 | ||
| 082 | _a539.7 INE,G | ||
| 100 |
_aLEVI, A.C , GUMHALTER, B , FLORES, F _967963 |
||
| 245 | _aINELASTIC ENERGY TRANSFER IN INTERACTIONS WITH SURFACES AND ADSORBATES , PROCEEDING OF THE WORKING PARTY | ||
| 260 |
_aSINGAPORE _bWORLD SCIENTIFIC _c1993 |
||
| 300 | _a248P | ||
| 942 | _cBK | ||
| 999 |
_c575640 _d575640 |
||